Największe zamki świata - Statystyki

Ogólne statystyki
  • Ten quiz został rozwiązany 14 razy
  • Średni wynik to 1 z 10
Statystyki odpowiedzi
Powierzchnia Zamek % Poprawnych
143 591 m2 Zamek w Malborku
100%
44 674 m2 Zamek Królewski w Budapeszcie
7%
66 761 m2 Zamek na Hradczanach w Pradze
7%
49 485 m2 Zamek Spiski
7%
54 835 m2 Zamek w Windsorze
7%
38 804 m2 Cytadela w Aleppo
0%
54 523 m2 Twierdza Hohensalzburg
0%
81 277 m2 Twierdza Mehrangarh
0%
41 468 m2 Zamek Himeji
0%
35 737 m2 Zamek w Edynburgu
0%
Nie znaleziono quizów pasujących do podanych kryteriów
Rozkład punktacji
Procent ludzi z każdym wynikiem
Percentyl według liczby udzielonych odpowiedzi
Twoja historia wyników
Nie rozwiązałeś tego quizu